000 02031cam a22005414i 4500
003 PE-LiUPU
005 20250731180105.0
008 150617s r 000 0 d
035 _a(Sirsi) a19539
040 _aPE-LiUPU
_bspa
_cPE-LiUPU
_erda
049 _aPRUA
082 0 4 _a541.22721
_bS13
_221
100 1 _aSacerdote, Luciana,
_eautor.
245 1 0 _aQuímica general programada /
_cLuciana Sacerdote.
264 1 _aMéxico :
_bLimusa,
_c1978.
300 _a358 páginas ;
_c28 cm
336 _atext
_2rdacontent
337 _aunmediated
_2rdamedia
338 _avolume
_2rdacarrier
505 0 _aAtomos y moléculas. Enlaces químicos. Equilibrio químico -- El núcleo del átomo -- El estado gaseoso. El estado líquido. El estado sólido -- La química de las soluciones. Acidos y bases. Reacciones Redox. Oxígeno; hidrógeno.
526 _aSEG44
526 _aSEG26
526 _aP159
526 _aP155
526 _aP154
526 _aP153
526 _aP150
526 _aP100
526 _aP31
526 _aP30
526 _aP26
526 _aP25
526 _aP24
526 _aP22
526 _aP15
526 _aP10
650 0 4 _aQuímica
_xInstrucción programada.
910 _ajck
_bjvq
_cjck
_d20150616
942 _2ddc
_cBOOK
949 _a541.22721 S13
_wDEWEY
_c1
_i34297
_lCCODEBUL1
_mBUL
_p00.00
_r0
_sY
_tBOOK
_u19930721
_xEDUCACION
_zUNKNOWN
_0COMPRA
_o.STAFF. Colección General
949 _a541.22721 S13
_wDEWEY
_c2
_i34296
_lCCODEBUL1
_mBUL
_p00.00
_r0
_sY
_tBOOK
_u19930721
_xEDUCACION
_zUNKNOWN
_0COMPRA
_o.STAFF. Colección General
994 _aC0
_bPEPRU
596 _a1
999 _a541.22721 S13
_wDEWEY
_c19352
_i34297
_f2021-11-5
_g5
_lCCODEBUL1
_mBUL
_r0
_sN
_tBOOK
_u2015-6-17
_xBIBLIOTECA
_zUNKNOWN
_0COMPRA
_o.STAFF. Colección General
_d19352
999 _a541.22721 S13
_wDEWEY
_c2
_i34296
_f2021-11-5
_g5
_lCCODEBUL1
_mBUL
_r0
_sN
_tBOOK
_u2015-6-17
_xBIBLIOTECA
_zUNKNOWN
_0COMPRA
_o.STAFF. Colección General
980 _81
_gALBERTO SANCHEZ Responsable de Automatización